| 000 | 00591nam a2200205Ia 4500 | ||
|---|---|---|---|
| 001 | 12395 | ||
| 003 | GE_BSU | ||
| 008 | 181216s||||||||xx |||||||||||||| ||und|| | ||
| 040 | _cGE_BSU | ||
| 080 | _a581.524:635.53 | ||
| 100 | _aОвчаров,К.Е. | ||
| 245 | _aФизиологические основы всхожести семян | ||
| 245 | _cРед.Е.И.Барская | ||
| 260 | _aМосква | ||
| 260 | _bНаука | ||
| 260 | _c1969 | ||
| 300 | _a278стр.22см. | ||
| 653 | _aФизиологические основы всхожести семян | ||
| 942 | _cBK | ||
| 999 |
_c45569 _d45569 |
||